Economic analysis

Includes elementary price theory and theory of economic behavior in microeconomics

সংরক্ষণ করুন:
গ্রন্থ-পঞ্জীর বিবরন
প্রধান লেখক: Boulding, Kenneth E.
বিন্যাস: গ্রন্থ
ভাষা:Undetermined
প্রকাশিত: New York Harper & Row 1966
বিষয়গুলি:
ট্যাগগুলো: ট্যাগ যুক্ত করুন
কোনো ট্যাগ নেই, প্রথমজন হিসাবে ট্যাগ করুন!
Thư viện lưu trữ: Trung tâm Học liệu Trường Đại học Cần Thơ
LEADER 00594nam a2200193Ia 4500
001 CTU_220219
008 210402s9999 xx 000 0 und d
082 |a 330 
082 |b B763/Vol.1 
100 |a Boulding, Kenneth E. 
245 0 |a Economic analysis 
245 0 |c Kenneth E.Boulding 
260 |a New York 
260 |b Harper & Row 
260 |c 1966 
520 |a Includes elementary price theory and theory of economic behavior in microeconomics 
650 |a Microeconomics,Kinh tế học vi mô 
904 |i Nguyên 
980 |a Trung tâm Học liệu Trường Đại học Cần Thơ